7 thói quen của những bạn trẻ thành đạt
Đã lưu trong:
| 主要作者: | |
|---|---|
| 格式: | 圖書 |
| 語言: | Undetermined |
| 出版: |
Thành phố Hồ Chí Minh
Trẻ
2004
|
| 主題: | |
| 標簽: |
添加標簽
沒有標簽, 成為第一個標記此記錄!
|
| Thư viện lưu trữ: | Trung tâm Học liệu Trường Đại học Cần Thơ |
|---|
| LEADER | 00534nam a2200193Ia 4500 | ||
|---|---|---|---|
| 001 | CTU_64200 | ||
| 008 | 210402s9999 xx 000 0 und d | ||
| 020 | |b 21600 | ||
| 082 | |a 305.242 | ||
| 082 | |b C873 | ||
| 100 | |a Covey, Sean | ||
| 245 | 0 | |a 7 thói quen của những bạn trẻ thành đạt | |
| 245 | 0 | |c Sean Covey | |
| 260 | |a Thành phố Hồ Chí Minh | ||
| 260 | |b Trẻ | ||
| 260 | |c 2004 | ||
| 650 | |a Youth education | ||
| 904 | |i Hạ Nguyên | ||
| 980 | |a Trung tâm Học liệu Trường Đại học Cần Thơ | ||